Εφτά Ήπειροι Κουίζ - Statistics

General Stats
  • This quiz has been taken 67 times
  • The average score is 7 of 7
Answers on the Map
Answers color-coded by a green-red scale on the quiz's map according to % correct below.
 
Answer Stats
Ήπειρος % Correct
Αφρική
100%
Ευρώπη
100%
Ασία
98%
Αυστραλία (Ωκεανία)
95%
Βόρεια Αμερική
93%
Νότια Αμερική
91%
Ανταρκτική
79%
No matching quizzes found
Score Distribution
Percent of People with Each Score
Percentile by Number Answered
Your Score History
You have not taken this quiz